80 câu hỏi và gợi ý trả lời môn Lịch sử và đường lối cách mạng của Đảng cộng sản Việt Nam
Sách được trình bày một cách có hệ thống dưới dạng câu hỏi và gợi ý trả lời những vấn đề cơ bản, quan trọng trong quá trình phát triển lịch sử của Đảng Cộng sản Việt Nam.
Gardado en:
| Autor Principal: | |
|---|---|
| Formato: | Libro |
| Idioma: | Undetermined |
| Publicado: |
Hà Nội
Nxb. Đại Học Sư Phạm
2010
|
| Những chủ đề: | |
| Các nhãn: |
Engadir etiqueta
Sen Etiquetas, Sexa o primeiro en etiquetar este rexistro!
|
| Thư viện lưu trữ: | Trung tâm Học liệu Trường Đại học Cần Thơ |
|---|
| LEADER | 01075nam a2200205Ia 4500 | ||
|---|---|---|---|
| 001 | CTU_179828 | ||
| 008 | 210402s9999 xx 000 0 und d | ||
| 020 | |c 43000 | ||
| 082 | |a 324.2597075 | ||
| 082 | |b Ch305 | ||
| 100 | |a Nguyễn, Đức Chiến | ||
| 245 | 0 | |a 80 câu hỏi và gợi ý trả lời môn Lịch sử và đường lối cách mạng của Đảng cộng sản Việt Nam | |
| 245 | 0 | |c Nguyễn Đức Chiến (chủ biên), Đỗ Quang Ân | |
| 260 | |a Hà Nội | ||
| 260 | |b Nxb. Đại Học Sư Phạm | ||
| 260 | |c 2010 | ||
| 520 | |a Sách được trình bày một cách có hệ thống dưới dạng câu hỏi và gợi ý trả lời những vấn đề cơ bản, quan trọng trong quá trình phát triển lịch sử của Đảng Cộng sản Việt Nam. | ||
| 650 | |a Communist parties -- Vietnam,Lịch sử Đảng Cộng Sản Việt Nam | ||
| 904 | |i Kim Linh, Dương Ngọc | ||
| 980 | |a Trung tâm Học liệu Trường Đại học Cần Thơ | ||